Le Corbusier (Record no. 51018)

MARC details
000 -LEADER
campo de control de longitud fija 00792nam a2200265 i 4500
001 - NÚMERO DE CONTROL
campo de control 51018
003 - IDENTIFICADOR DE NÚMERO DE CONTROL
campo de control ES-MaACL
005 - FECHA Y HORA DE LA ÚLTIMA TRANSACCIÓN
campo de control 20230906162258.0
007 - CAMPO FIJO DE DESCRIPCIÓN FÍSICA--INFORMACIÓN GENERAL
campo de control de longitud fija t|
008 - DATOS DE LONGITUD FIJA--INFORMACIÓN GENERAL
campo de control de longitud fija 030808s1987 sp ||||1| spa d
020 ## - NÚMERO INTERNACIONAL ESTÁNDAR DEL LIBRO
Número Internacional Estándar del Libro 84-7214-381-3
100 1# - ENTRADA PRINCIPAL--NOMBRE DE PERSONA
Nombre de persona Curtis, William J. R.
9 (RLIN) 42249
245 10 - MENCIÓN DEL TÍTULO
Título Le Corbusier
Resto del título : ideas y formas /
Mención de responsabilidad, etc. William J.R. Curtis ; traducción Jorge Sáinz Avia.
250 ## - MENCION DE EDICION
Mención de edición 1ª ed.
260 ## - PUBLICACIÓN, DISTRIBUCIÓN, ETC.
Lugar de publicación, distribución, etc. Madrid :
Nombre del editor, distribuidor, etc. Hermann Blume,
Fecha de publicación, distribución, etc. 1987.
300 ## - DESCRIPCIÓN FÍSICA
Extensión 240 p. :
Otras características físicas il. ;
Dimensiones 29 cm.
490 1# - MENCIÓN DE SERIE
Mención de serie Maestros de la arquitectura
500 ## - NOTA GENERAL
Nota general Indice.
504 ## - NOTA DE BIBLIOGRAFÍA, ETC.
Nota de bibliografía, etc. Bibliografia.
600 04 - PUNTO DE ACCESO ADICIONAL DE MATERIA--NOMBRE DE PERSONA
Nombre de persona Le Corbusier.
9 (RLIN) 70860
700 1# - ENTRADA AGREGADA--NOMBRE PERSONAL
Nombre de persona Sáinz Avia, Jorge.
9 (RLIN) 101576
830 0# - PUNTO DE ACCESO ADICIONAL DE SERIE-TÍTULO UNIFORME
Título uniforme Maestros de la arquitectura
9 (RLIN) 187170
852 ## - LOCALIZACIÓN
Ubicación ES-MaACL
Número de control de estantería G-14556
Sublocalización o colección R.115214
Holdings
Estatus retirado Estado de pérdida Estado de daño No para préstamo Biblioteca de origen Biblioteca actual Ubicación en estantería Fecha de adquisición Fuente de adquisición Total de préstamos Signatura topográfica completa Código de barras Visto por última vez Precio de reemplazo Tipo de ítem Koha
        Biblioteca del Ateneo de Madrid Biblioteca del Ateneo de Madrid Sala Pecera Planta 3 17/01/2008     G-14556 1053652 23/02/2023 23/02/2023 Libro impreso